000 00543nam a2200205 i 4500
001 14768
003 ES-MaACL
005 20230906150902.0
007 t|
008 990601s1980 fr |||| | fre d
080 _a821.133.1-14"19"
100 1 _aPrévert, Jacques.
_993809
245 1 0 _aParoles /
_cJacques Prévert.
260 _a[Paris] :
_bNRF,
_c[1980]
300 _a249 p. ;
_c18 cm.
490 1 _aLe point du jour ;
_v762
830 0 _aLe point du jour ;
_v762
_9228534
852 _aES-MaACL
_jL-21988
999 _c14768
_d14768